000 00989cam a2200277 4500
008 090401t1995 xxu||||| |||| 00| 0 eng d
020 _a0952589303
035 _a(Sirsi) u60461
041 _aeng
050 _a630.026
090 _a630.026
100 _aMoody, Jeremy
245 _aAgricultural Tenancies Act 1995: a practical guide.
260 _aLondon
_bFarrer & Co.
_c1995
300 _a68p. ; 30cm.
350 _a12
520 _aAn analysis of the act which looks at the background of the legislation, the structure of farm business tenancies, notices to quit, rent reviews, fixed equipment, compensation for tenants improvements and other aspects of tenancies including taxation.
650 _aAGRICULTURAL TENANCIES ACT 1995
650 _aPROPERTY-LANDLORD AND TENANT-TENANCIES-AGRICULTURAL TENANCIES
650 _aFARM BUSINESS TENANCIES
650 _aLAW
690 _aRURAL PRACTICE
700 _aJessel, Christopher
942 _n0
948 _c04/03/1997
999 _c94234
_d94234